Youth ministry from start to finish. (Record no. 12475)

000 -LEADER
fixed length control field 00572nam a2200181 a 4500
001 - CONTROL NUMBER
control field :::00010277$&:&@@
003 - CONTROL NUMBER IDENTIFIER
control field OkBaRHE
005 - DATE AND TIME OF LATEST TRANSACTION
control field 20000607103357.0
008 - FIXED-LENGTH DATA ELEMENTS--GENERAL INFORMATION
fixed length control field s1985 j 000 0 eng u
040 ## - CATALOGING SOURCE
Transcribing agency
100 1# - MAIN ENTRY--PERSONAL NAME
Personal name Litherland, Janet.
245 10 - TITLE STATEMENT
Title Youth ministry from start to finish.
260 ## - PUBLICATION, DISTRIBUTION, ETC. (IMPRINT)
Place of publication, distribution, etc Colorado Springs, CO., :
Name of publisher, distributor, etc Meriwether Publishing
Date of publication, distribution, etc c1985
300 ## - PHYSICAL DESCRIPTION
Extent 117 p. : photos ;
Dimensions 22 cm.
650 ## - SUBJECT ADDED ENTRY--TOPICAL TERM
Topical term or geographic name as entry element Church Work with Youth
942 ## - ADDED ENTRY ELEMENTS (KOHA)
Source of classification or shelving scheme
Koha item type Books
Copies
Damaged status Price effective from Copy number Date last seen Lost status Shelving location Withdrawn status Koha item type Not for loan Permanent Location Full call number Barcode Date acquired Source of classification or shelving scheme
 2010-04-1412010-04-14 General Stacks Books RHEMA Bible Training CollegeBV 4447 .L5102772010-04-14